| 000 | 00315nam a22001337a 4500 | ||
|---|---|---|---|
| 082 |
_a297.52 _bSAE |
||
| 100 |
_aSaeed ur rehman _930016 |
||
| 245 | _aDirection of Qibla. | ||
| 260 |
_aNWFP. _bGOVT. _c1981 |
||
| 300 | _a14 p. | ||
| 526 |
_a0 _b0 _c0 _d297_520000000000000_SAE |
||
| 650 |
_amce _9379 |
||
| 942 |
_2ddc _cBK |
||
| 999 |
_c542312 _d542312 |
||